Statistics for 2017 Minnesota Vikings Starters

Click here to take the quiz!

General Stats

  • This quiz has been taken 352 times
  • The average score is 16 of 29

Answer Stats

HintAnswer% Correct
WRStefon Diggs
94%
RBDalvin Cook
91%
WRAdam Thielen
89%
FSHarrison Smith
88%
TEKyle Rudolph
88%
QBSam Bradford
85%
ROLBAnthony Barr
81%
CBXavier Rhodes
79%
DEDanielle Hunter
78%
DEEverson Griffen
75%
FBC.J. Ham
74%
MLBEric Kendricks
69%
DTLinval Joseph
62%
CBTrae Waynes
55%
SSAndrew Sendejo
53%
KKai Forbath
45%
WRJarius Wright
44%
LTRiley Reiff
41%
DTTom Johnson
34%
TEDavid Morgan II
32%
CPat Elflein
32%
LOLBBen Gedeon
31%
PRMarcus Sherels
31%
RTMike Remmers
28%
KRJerick McKinnon
23%
RGJoe Berger
23%
PAndrew Quigley
21%
LGNick Easton
19%
LSKevin McDermott
16%

Score Distribution

Percentile by Number Answered

Percent of People with Each Score

Your Score History

You have not taken this quiz